• 首页
  • 本馆介绍
  • 公告通知
  • 最新文献
  • 馆藏检索
  • 电子资源
  • 读者导购
  • 参考咨询
  • 我的图书馆
  • 登录
  • 详细信息显示
  • 放入我的书架
  • 预约/预借图书
  • 作者相关作品
  • 分类相关作品
  • 丛书相关作品
  • 出版社相关作品

书目信息

  • 表格格式
  • 工作单格式
  • 卡片格式
题名:
丰子恺书衣掠影
    
 
作者: 吴浩然 编撰
分册:  
出版信息: 济南   齐鲁书社  2008
页数: 149页
开本: 20cm
丛书名: 缘缘丛书
单 册:
中图分类: TS881
科图分类:
主题词: 封面--设计--中国--现代--作品集
电子资源:
ISBN: 978-7-5333-2013-3
000 00738nam 2200241 450
001 2371885747
005 20231210195814.97
010    @a978-7-5333-2013-3@dCNY20.00
100    @a20080909d2008 ekmy0chiy50 ea
101 0  @achi
102    @aCN@b370000
105    @aa z 000yy
200 1  @a丰子恺书衣掠影@Afeng zi kai shu yi lue ying@f吴浩然编撰
210    @a济南@c齐鲁书社@d2008
215    @a149页@c彩图@d20cm
225 2  @a缘缘丛书@Ayuan yuan cong shu
330    @a本书从书衣设计艺术入手, 全面介绍了丰子恺装帧设计方面的艺术成就。
410  0 @12001 @a缘缘丛书
606 0  @a封面@x设计@y中国@z现代@j作品集
690    @aTS881@v5
701  0 @a吴浩然@Awu hao ran@4编撰
801  0 @aCN@b湖北三新@c20080909
905    @aZUCC@dTS881@e14
    
    丰子恺书衣掠影/吴浩然编撰.-济南:齐鲁书社,2008
    149页:彩图;20cm.-(缘缘丛书)
    
    
    ISBN 978-7-5333-2013-3:CNY20.00
    本书从书衣设计艺术入手, 全面介绍了丰子恺装帧设计方面的艺术成就。
●
相关链接 在五车中查询图书 在当当中查询图书 在豆瓣中查询图书


正题名:丰子恺书衣掠影     索取号:TS881/14         预约/预借

序号 登录号 条形码 馆藏地/架位号 状态 备注
1 2001437518   2001437518   516书库/ [索取号:TS881/14] 在馆    
2 2001437519   2001437519   516书库/ [索取号:TS881/14] 在馆    
3 2001437520   2001437520   516书库/ [索取号:TS881/14] 在馆    
4 2001437521   2001437521   516书库/ [索取号:TS881/14] 在馆    
5 2001437522   2001437522   516书库/ [索取号:TS881/14] 在馆    
6 2001437523   2001437523   516书库/ [索取号:TS881/14] 在馆    
7 2001437524   2001437524   516书库/ [索取号:TS881/14] 在馆    
8 2001437525   2001437525   516书库/ [索取号:TS881/14] 在馆    
9 2001437526   2001437526   516书库/ [索取号:TS881/14] 在馆    
10 2001437527   2001437527   516书库/ [索取号:TS881/14] 在馆    
11 2001437528   2001437528   516书库/ [索取号:TS881/14] 在馆    
12 2001437529   2001437529   516书库/ [索取号:TS881/14] 在馆    
13 2001437530   2001437530   516书库/ [索取号:TS881/14] 在馆    
14 2001437531   2001437531   516书库/ [索取号:TS881/14] 在馆    
15 2001437532   2001437532   516书库/ [索取号:TS881/14] 在馆    
16 2001437533   2001437533   516书库/ [索取号:TS881/14] 在馆    
17 2001437534   2001437534   516书库/ [索取号:TS881/14] 在馆    
18 2001437535   2001437535   516书库/ [索取号:TS881/14] 在馆    
19 2001437536   2001437536   516书库/ [索取号:TS881/14] 在馆    
20 2001437537   2001437537   516书库/ [索取号:TS881/14] 在馆    
21 2001437538   2001437538   516书库/ [索取号:TS881/14] 在馆    
22 2001437539   2001437539   516书库/ [索取号:TS881/14] 在馆    
23 2001437540   2001437540   516书库/ [索取号:TS881/14] 在馆    
24 2001437541   2001437541   516书库/ [索取号:TS881/14] 在馆    
25 2001437542   2001437542   516书库/ [索取号:TS881/14] 在馆    
26 2001437543   2001437543   516书库/ [索取号:TS881/14] 在馆    
27 2001437544   2001437544   516书库/ [索取号:TS881/14] 在馆    
28 2001437545   2001437545   516书库/ [索取号:TS881/14] 在馆    
29 2001437546   2001437546   516书库/ [索取号:TS881/14] 在馆    
30 2001437547   2001437547   516书库/ [索取号:TS881/14] 在馆    
山东省滨州职业学院图书馆 欢迎您!
大连网信软件有限公司© 版权所有